A midsummer night's dream / (Record no. 109266)
[ view plain ]
| 000 -LEADER | |
|---|---|
| fixed length control field | 00946nam a2200217 a 4500 |
| 005 - DATE AND TIME OF LATEST TRANSACTION | |
| control field | 20140414093840.0 |
| 008 - FIXED-LENGTH DATA ELEMENTS--GENERAL INFORMATION | |
| fixed length control field | 071002s19uu xx 00 eng d |
| 050 ## - LIBRARY OF CONGRESS CALL NUMBER | |
| Classification number | DVD 820 |
| Item number | SHA 1999 |
| 100 ## - MAIN ENTRY--PERSONAL NAME | |
| Personal name | Shakespeare, William |
| 245 ## - TITLE STATEMENT | |
| Title | A midsummer night's dream / |
| Statement of responsibility, etc | William Shakespeare. |
| 260 ## - PUBLICATION, DISTRIBUTION, ETC. (IMPRINT) | |
| Place of publication, distribution, etc | Sl : |
| Name of publisher, distributor, etc | 20th. Century Fox, |
| Date of publication, distribution, etc | c1999. |
| 300 ## - PHYSICAL DESCRIPTION | |
| Extent | 1 video disk (120 min.) |
| 500 ## - GENERAL NOTE | |
| General note | Cast: Everett, Rupert, Flockhark, Calista, Kline, Kevin, Pffeifer, michelle and tucci, Stanley |
| 520 ## - SUMMARY, ETC. | |
| Summary, etc | Summary: Two pairs of star crossed lovers, atroop of inept amateur actors, a feuding pair of superntural sprites and a love potion gone awry all come together in an enchanted moolit forest, the result is an unequalled mixture of merriment and magic. |
| 650 ## - SUBJECT ADDED ENTRY--TOPICAL TERM | |
| Topical term or geographic name as entry element | Film adaptation. |
| 650 ## - SUBJECT ADDED ENTRY--TOPICAL TERM | |
| Topical term or geographic name as entry element | Shakespear, William, 1564-1616 |
| General subdivision | Adaptations. |
| 650 ## - SUBJECT ADDED ENTRY--TOPICAL TERM | |
| Topical term or geographic name as entry element | International Baccalaureate. |
| 650 ## - SUBJECT ADDED ENTRY--TOPICAL TERM | |
| Topical term or geographic name as entry element | Film. |
| 942 ## - ADDED ENTRY ELEMENTS (KOHA) | |
| Koha item type | Audio Visual Materials |
| Withdrawn status | Lost status | Damaged status | Use restrictions | Home library | Current library | Shelving location | Date acquired | Source of acquisition | Total Checkouts | Full call number | Barcode | Date last seen | Price effective from | Koha item type |
|---|---|---|---|---|---|---|---|---|---|---|---|---|---|---|
| Luxembourg Library | Luxembourg Library | Audio Visual Material Section | 10/02/2007 | DVD 820 SHA 1999 | AV0900 | 04/14/2014 | 04/14/2014 | Audio Visual Materials |